V Programa de Postgrau : Jardineria i Paisatgisme : 91 octubre, 92 juny / Escola Superior d'Agricultura de Barcelona Jardineria i Paisatgisme :
Descripción Física:
[8] p. ; 21 cm
MARC
| LEADER | 00000nam a2200000Ia 4500 | ||
|---|---|---|---|
| 001 | 14892 | ||
| 008 | 160829s9999 xx 000 0 cat d | ||
| 080 | |a FU-29-36 | ||
| 100 | |a Programa de Postgrau : Jardineria i Paisatgisme (5è : 1991, oct./1992, juny : Barcelona) |9 38916 | ||
| 245 | |a V Programa de Postgrau : |b Jardineria i Paisatgisme : |b 91 octubre, 92 juny / Escola Superior d'Agricultura de Barcelona | ||
| 260 | |a Barcelona : |b l'Escola, DL 1991 | ||
| 300 | |a [8] p. ; |c 21 cm | ||
| 590 | |a A la part baixa de la portada: UPC, Universitat Politècnica de Catalunya | ||
| 650 | |a Jardineria |x Currículums |9 38917 | ||
| 650 | |a Paisatgisme |x Currículums |9 38918 | ||
| 710 | 2 | |a Escola Superior d'Agricultura de Barcelona |9 70055 | |
| 901 | |a Arxiu | ||
| 942 | |n 1 | ||
| 952 | |0 0 |1 0 |4 0 |6 FU2936 |7 1 |9 48676 |a Arxiu |b Arxiu |d 2016-12-01 |l 0 |o FU-29-36 |p 14892 |r 2016-12-01 00:00:00 |w 2016-12-01 |y ARXIU | ||
| 999 | |c 52506 |d 52506 | ||